Worst minutes per goal in Premier League history Quiz Stats

 Plays Quiz not verified by Sporcle

Score 0/25 Timer 08:00
0 Plays Today
Rank Player % Correct
1.Rio Ferdinand
73.2%
9.Ashley Cole
61.7%
15.Tony Adams
48.8%
5.Sol Campbell
44.8%
2.John O'Shea
30.3%
3.Kolo Toure
20.9%
7.Gareth Southgate
19.9%
4.Graeme Le Saux
15.3%
14.Ian Pearce
14.7%
24.Ugo Ehiogu
13.7%
21.Alan Stubbs
10%
19.Dietmar Hamann
9.4%
8.Ricardo Gardner
6.6%
Rank Player % Correct
10.Steve Staunton
6.4%
17.Tugay
5.6%
11.George Boateng
5.4%
23.Lee Carsley
5.2%
12.Hermann Hreidarsson
4.7%
18.Colin Cooper
4.7%
16.Kevin Kilbane
3.3%
20.Andy Hinchcliffe
3%
6.Gavin McCann
2.9%
25.Nigel Reo-Coker
2.9%
22.Brett Emerton
2.7%
13.Andy Impey
2.3%

You're not logged in!

Compare scores with friends on all Sporcle quizzes.
Join for Free
OR
Log In

You Might Also Like...

Show Comments

Extras

Top Quizzes Today


Score Distribution

Your Account Isn't Verified!

In order to create a playlist on Sporcle, you need to verify the email address you used during registration. Go to your Sporcle Settings to finish the process.

Report this User

Report this user for behavior that violates our Community Guidelines.

Details: